000 00489nam a2200181 a 4500
001 2809
005 20180713182752.0
008 140415s1984 mx 000 0 spa d
041 _aspa
082 _a690.09
_bBEN
100 1 _aBENSON, BEN
245 1 0 _aMETODOS DE RUTA EN LA CONSTRUCCION DE EDIFICIOS
250 _a1a ed.
260 _aMEXICO :
_bCECSA,
_c1984
300 _a136
650 1 4 _aCONSTRUCCION
_xTEORIA Y ESTRUCTURAS
700 1 _aMEYER, LUIS FERNANDO
_etr.
999 _c2809
_d2809